000 00850cab a2200265 4500
001 ABS49974
008 090401t1994 xxu||||| |||| 00| 0 eng d
035 _a(Sirsi) u73507
041 _aeng
100 _aHutchinson, R.
245 _aCheaper funding?
260 _c1994
350 _a0
490 _aEstates Gazette
_v(9404) 29 January 1994, 124-125(2)
520 _aExplains the rationale, principles and methods of index-linked leasing, noting the tax incentives and other advantages of this form of finance.
650 _aFINANCE LEASING
650 _aINDEX-LINKED LEASING
650 _aPROPERTY FINANCE
650 _aSALE AND LEASEBACK
690 _aPROPERTY-COMMERCIAL PROPERTY-COMMERCIAL PROPERTY FINANCE AND INVESTMENT
690 _aFINANCE AND INVESTMENT
700 _aLatchmore, A.
942 _n0
948 _c04/03/1997
999 _c46459
_d46459